000
00365nam a2200145Ia 4500
008
090124s9999 xx 000 0 und d
082
_b
303555
245
_a
इंद्रधनू
250
_a
1
260
_b
खरे जगदीश
_c
1998
300
_a
72
630
_a
इंद्रधनू
730
_a
इंद्रधनू
942
_c
BOOK
999
_c
193192
_d
193192